MARC details
| 000 -LEADER |
| fixed length control field |
02019cam a2200505 i 4500 |
| 001 - CONTROL NUMBER |
| control field |
citiesofvesuvius00gran |
| 003 - CONTROL NUMBER IDENTIFIER |
| control field |
CaSfIA |
| 005 - DATE AND TIME OF LATEST TRANSACTION |
| control field |
20230525155120.0 |
| 007 - PHYSICAL DESCRIPTION FIXED FIELD--GENERAL INFORMATION |
| fixed length control field |
cr|||| |
| 008 - FIXED-LENGTH DATA ELEMENTS--GENERAL INFORMATION |
| fixed length control field |
780831r19761971enkabe b 001 0 eng |
| 010 ## - LIBRARY OF CONGRESS CONTROL NUMBER |
| LC control number |
78313266 |
| 040 ## - CATALOGING SOURCE |
| Original cataloging agency |
DLC |
| Transcribing agency |
DLC |
| Modifying agency |
XMA |
| -- |
BTCTA |
| -- |
OCLCQ |
| -- |
OCLCG |
| -- |
CaSfIA |
| 015 ## - NATIONAL BIBLIOGRAPHY NUMBER |
| National bibliography number |
GB76-36498 |
| 019 ## - |
| -- |
4138960 |
| -- |
4291696 |
| 020 ## - INTERNATIONAL STANDARD BOOK NUMBER |
| International Standard Book Number |
0140043942 |
| 020 ## - INTERNATIONAL STANDARD BOOK NUMBER |
| International Standard Book Number |
9780140043945 |
| 035 ## - SYSTEM CONTROL NUMBER |
| System control number |
(OCoLC)4466308 |
| Canceled/invalid control number |
(OCoLC)4138960 |
| -- |
(OCoLC)4291696 |
| 043 ## - GEOGRAPHIC AREA CODE |
| Geographic area code |
e-it--- |
| 050 00 - LIBRARY OF CONGRESS CALL NUMBER |
| Classification number |
DG70.P7 |
| Item number |
G7 1976 |
| 082 00 - DEWEY DECIMAL CLASSIFICATION NUMBER |
| Classification number |
937/.7 |
| 029 1# - OTHER SYSTEM CONTROL NUMBER (OCLC) |
| OCLC library identifier |
NZ1 |
| System control number |
4056342 |
| 029 1# - OTHER SYSTEM CONTROL NUMBER (OCLC) |
| OCLC library identifier |
AU@ |
| System control number |
000001271243 |
| 029 1# - OTHER SYSTEM CONTROL NUMBER (OCLC) |
| OCLC library identifier |
UNITY |
| System control number |
056167067 |
| 029 1# - OTHER SYSTEM CONTROL NUMBER (OCLC) |
| OCLC library identifier |
UKMBC |
| System control number |
0140043942 |
| 029 1# - OTHER SYSTEM CONTROL NUMBER (OCLC) |
| OCLC library identifier |
UKKCC |
| System control number |
0140043942 |
| 029 1# - OTHER SYSTEM CONTROL NUMBER (OCLC) |
| OCLC library identifier |
UKLBL |
| System control number |
0140043942 |
| 029 1# - OTHER SYSTEM CONTROL NUMBER (OCLC) |
| OCLC library identifier |
UKWIR |
| System control number |
0140043942 |
| 029 1# - OTHER SYSTEM CONTROL NUMBER (OCLC) |
| OCLC library identifier |
UKSLI |
| System control number |
0140043942 |
| 029 1# - OTHER SYSTEM CONTROL NUMBER (OCLC) |
| OCLC library identifier |
UKBCI |
| System control number |
0140043942 |
| 029 1# - OTHER SYSTEM CONTROL NUMBER (OCLC) |
| OCLC library identifier |
GLOCC |
| System control number |
0140043942 |
| 029 1# - OTHER SYSTEM CONTROL NUMBER (OCLC) |
| OCLC library identifier |
UKRFW |
| System control number |
0140043942 |
| 029 1# - OTHER SYSTEM CONTROL NUMBER (OCLC) |
| OCLC library identifier |
UKERY |
| System control number |
0140043942 |
| 100 1# - MAIN ENTRY--PERSONAL NAME |
| Personal name |
Grant, Michael, |
| Dates associated with a name |
1914-2004. |
| 245 10 - TITLE STATEMENT |
| Title |
Cities of Vesuvius : |
| Medium |
[electronic resource] |
| Remainder of title |
Pompeii and Herculaneum / |
| Statement of responsibility, etc. |
Michael Grant ; photographs by Werner Forman. |
| 260 ## - PUBLICATION, DISTRIBUTION, ETC. |
| Place of publication, distribution, etc. |
Harmondsworth ; |
| -- |
New York : |
| Name of publisher, distributor, etc. |
Penguin, |
| Date of publication, distribution, etc. |
1976. |
| 300 ## - PHYSICAL DESCRIPTION |
| Extent |
3-240 p. : |
| Other physical details |
ill., maps, plans ; |
| Dimensions |
24 cm. |
| 500 ## - GENERAL NOTE |
| General note |
Originally published in 1971. |
| 504 ## - BIBLIOGRAPHY, ETC. NOTE |
| Bibliography, etc. note |
Includes bibliographical references (p. 229-230) and index. |
| 505 0# - FORMATTED CONTENTS NOTE |
| Formatted contents note |
1. The history of Pompeii and Herculaneum -- 2. Vesuvius -- 3. The towns and their meeting places -- 4. Temples ; gods and goddesses ; and philosophers -- 5. Private houses in town and country -- 6. Paintings, mosaics and furniture -- 7. Farms and trades -- 8. Public life and sexual life. |
| 650 #0 - SUBJECT ADDED ENTRY--TOPICAL TERM |
| Topical term or geographic name entry element |
Pompeii (Extinct city) |
| 651 #0 - SUBJECT ADDED ENTRY--GEOGRAPHIC NAME |
| Geographic name |
Herculaneum (Extinct city) |
| 700 1# - ADDED ENTRY--PERSONAL NAME |
| Personal name |
Forman, Werner. |
| 856 41 - ELECTRONIC LOCATION AND ACCESS |
| Uniform Resource Identifier |
<a href="http://www.archive.org/details/citiesofvesuvius00gran">http://www.archive.org/details/citiesofvesuvius00gran</a> |
| Public note |
Free eBook from the Internet Archive |
| 856 42 - ELECTRONIC LOCATION AND ACCESS |
| Uniform Resource Identifier |
<a href="http://www.openlibrary.org/books/OL22127543M">http://www.openlibrary.org/books/OL22127543M</a> |
| Public note |
Additional information and access via Open Library |